Procesos de paz y negociación en conflictos armados / (Record no. 33758)
[ view plain ]
| 000 -CABECERA | |
|---|---|
| campo de control de longitud fija | 00583nam a2200181 a 4500 |
| 001 - NÚMERO DE CONTROL | |
| campo de control | 000034267 |
| 005 - FECHA Y HORA DE LA ÚLTIMA TRANSACCIÓN | |
| campo de control | 20200930070923.0 |
| 008 - DATOS DE LONGITUD FIJA--INFORMACIÓN GENERAL | |
| campo de control de longitud fija | 110929s2004 es 000 0 spa d |
| 020 ## - NÚMERO INTERNACIONAL ESTÁNDAR DEL LIBRO | |
| Número Internacional Estándar del Libro | 8449315794 |
| 040 ## - FUENTE DE LA CATALOGACIÓN | |
| Centro catalogador/agencia de origen | DO-SdBNP |
| Lengua de catalogación | spa |
| Centro/agencia transcriptor | BNPHU |
| 049 ## - FONDOS LOCALES (OCLC) | |
| Fondos de biblioteca | BNPD |
| 100 1# - ENTRADA PRINCIPAL--NOMBRE DE PERSONA | |
| Nombre de persona | Fisas, Vicenc, |
| Fechas asociadas al nombre | 1952- |
| 9 (RLIN) | 59690 |
| 245 10 - MENCIÓN DE TÍTULO | |
| Título | Procesos de paz y negociación en conflictos armados / |
| Mención de responsabilidad, etc. | Vicenc Fisas. |
| 260 ## - PUBLICACIÓN, DISTRIBUCIÓN, ETC. | |
| Lugar de publicación, distribución, etc. | Barcelona : |
| Nombre del editor, distribuidor, etc. | Ediciones Paidós, |
| Fecha de publicación, distribución, etc. | 2004. |
| 300 ## - DESCRIPCIÓN FÍSICA | |
| Extensión | 226 p. : |
| Otras características físicas | il., gráf. ; |
| Dimensiones | 24 cm. |
| 490 1# - MENCIÓN DE SERIE | |
| Mención de serie | Paidós estado y sociedad ; |
| Designación de volumen o secuencia | 119 |
| 830 #0 - PUNTO DE ACCESO ADICIONAL DE SERIE-TÍTULO UNIFORME | |
| Título uniforme | Paidós estado y sociedad ; |
| Designación de volumen o secuencia | 119 |
| 9 (RLIN) | 12469 |
| Estado de retiro | Estado de pérdida | Restricciones de uso | No para préstamo | Código de colección | Localización permanente | Ubicación/localización actual | Ubicación en estantería | Fecha de adquisición | Número de inventario | Total de préstamos | Signatura topográfica completa | Código de barras | Fecha visto por última vez | Precio válido a partir de | Tipo de ítem Koha |
|---|---|---|---|---|---|---|---|---|---|---|---|---|---|---|---|
| Excluido de préstamo | Monografías: Libros y Folletos | General | General | En catalogación | 29.09.2011 | LF1 | 34267-10 | 25.06.2020 | 25.06.2020 | No se presta |
